000 00506nam a2200181Ia 4500
005 20250508152406.0
008 008 250505s9999 xx 000 0 hin d
037 _aTextual
040 _aFEDL
_beng
_cFEDL
041 _ahin
_2hin
084 _a910.7, SHA
_qFEDL
100 _aShah Chandra kant
_9761353
245 0 _aBhugol shikshan ke siddhant aur prayog
260 _aAllahabad, India
_bKitab Mahal
_c1950
300 _a162p
942 _cTEXL
_h910.7, SHA
999 _c1336130
_d1336130